Οι περιπέτειες του βαρόνου Μινχάουζεν

Αποθηκεύτηκε σε:
Λεπτομέρειες βιβλιογραφικής εγγραφής
Κύριος συγγραφέας: Bürger, Gottfried August, 1747-1794
Άλλοι συγγραφείς: Καλογιάννη, Ελένη (Μεταφραστής), Dore, Gustave, 1832-1883 (Εικονογράφος)
Μορφή: Βιβλίο
Γλώσσα:Greek
Δημοσίευση: Αθήνα : Ωκεανίδα, [199-?]
Σειρά:Τα κλασικά
Θέματα:
Ετικέτες: Προσθήκη ετικέτας
Δεν υπάρχουν, Καταχωρήστε ετικέτα πρώτοι!

MARC

LEADER 00000cam a2200000 i 4500
001 1/57373
008 020116q19901995 gre d
020 |a 960-410-135-8 
035 |l 10000149 
040 |a GR-MY-UA  |b gre  |e aacr 
041 0 |a gre 
082 0 |a 823.6 
100 1 |a Bürger, Gottfried August,   |d 1747-1794. 
245 1 3 |a Οι περιπέτειες του βαρόνου Μινχάουζεν /  |c Γκόττφριντ Μπύργκερ ; μετάφραση από τα γερμανικά Ελένη Καλογιάννη ; εικονογράφηση Gustave Dore 
260 |a Αθήνα :   |b Ωκεανίδα,   |c [199-?] 
300 |a 226 σ. 
490 1 |a Τα κλασικά  |v ; 11 
650 0 0 |a Voyages and travels  |x Fiction. 
700 1 |a Καλογιάννη, Ελένη.  |4 trl 
700 1 |a Dore, Gustave,   |d 1832-1883.  |4 ill 
830 0 |a Τα κλασικά 
852 |a INST  |b RHODES  |e 20020116  |h 823.6 BUR  |p 005400016785  |q 005400016785  |t BK  |y 0 
901 |a BIBL4-2002-1 
909 |a Ρ  |b 085161 
970 |a ΚΟΥΛΑΚΙΟΤΗ  |b ΛΙΤΣΑ  |z 2002/01/16